Bibliographie méthodique et raisonnée des beaux-arts / (Record no. 141769)

MARC details
000 -LEADER
campo de control de longitud fija 00531nam a2200181 i 4500
001 - NÚMERO DE CONTROL
campo de control 141769
003 - IDENTIFICADOR DE NÚMERO DE CONTROL
campo de control ES-MaACL
005 - FECHA Y HORA DE LA ÚLTIMA TRANSACCIÓN
campo de control 20230906200350.0
007 - CAMPO FIJO DE DESCRIPCIÓN FÍSICA--INFORMACIÓN GENERAL
campo de control de longitud fija t|
008 - DATOS DE LONGITUD FIJA--INFORMACIÓN GENERAL
campo de control de longitud fija 070927q18781890fr ||||1| fre d
100 1# - ENTRADA PRINCIPAL--NOMBRE DE PERSONA
Nombre de persona Vinet, Ernest.
9 (RLIN) 115327
245 10 - MENCIÓN DEL TÍTULO
Título Bibliographie méthodique et raisonnée des beaux-arts /
Mención de responsabilidad, etc. Ernest Vinet.
260 ## - PUBLICACIÓN, DISTRIBUCIÓN, ETC.
Lugar de publicación, distribución, etc. Paris :
Nombre del editor, distribuidor, etc. F. Didot,
Fecha de publicación, distribución, etc. [ca. 1878]
300 ## - DESCRIPCIÓN FÍSICA
Extensión VII, p. 145-288 ;
Dimensiones 23 cm.
500 ## - NOTA GENERAL
Nota general Ejemplar falto de portada.
650 #4 - PUNTO DE ACCESO ADICIONAL DE MATERIA--TÉRMINO DE MATERIA
Término de materia o nombre geográfico como elemento de entrada Bibliografía.
9 (RLIN) 10516
852 ## - LOCALIZACIÓN
Ubicación ES-MaACL
Número de control de estantería T-380-F-3
Holdings
Estatus retirado Estado de pérdida Fuente del sistema de clasificación o colocación Estado de daño No para préstamo Colección Biblioteca de origen Biblioteca actual Ubicación en estantería Fecha de adquisición Total de préstamos Signatura topográfica completa Código de barras Visto por última vez Precio de reemplazo Tipo de ítem Koha
    Clasificación decimal universal     Colección de folletos Biblioteca del Ateneo de Madrid Biblioteca del Ateneo de Madrid Depósito folletos 17/01/2008   T-380-F-3 1147513 23/02/2023 23/02/2023 Folleto